[Event "AUTO-MASTER-175"]
[Site "http://www.queenalice.com/game.php?id=81589"]
[Date "2006.7.1"]
[Round "1"]
[White "antonius"]
[Black "bishop120969"]
[Result "1-0"]
[WhiteElo "1905"]
[BlackElo "1518"]

1. Nc3 Nf6 2. Nf3 d6 3. e4 c6 4. d4 b5 5. a3 Bb7 6. Bd3 g6 7. O-O Bg7 8. Qe2 O-O
9. e5 Nfd7 10. e6 fxe6 11. Qxe6+ Kh8 12. Re1 Rf6 13. Qxe7 Na6 14. Ng5 Kg8 15.
Re6 Nc7 16. Nce4 Nxe6 17. Nxf6+ Nxf6 18. Qxe6+ Kh8 19. Nf7+ Kg8 20. Nxd8+ Kh8
21. Bg5 Rxd8 22. Bxf6 Bc8 23. Qe7 Rg8 24. Re1 a5 25. Qxg7+ Rxg7 26. Re8# 1-0

[Event "AUTO-MASTER-175"]
[Site "http://www.queenalice.com/game.php?id=81590"]
[Date "2006.7.1"]
[Round "1"]
[White "bishop120969"]
[Black "Viper_SB"]
[Result "1-0"]
[WhiteElo "1406"]
[BlackElo "1713"]

1. e4 e5 2. Nf3 d6 3. Nc3 Be6 4. Be2 Be7 5. O-O Nf6 6. d4 d5 7. dxe5 Nxe4 8. Qd3
O-O 9. Nxe4 dxe4 10. Qxe4 Nc6 11. Be3 Nb4 12. a3 Bd5 13. Qg4 g6 14. axb4 Bxb4
15. Qxb4 b6 16. Bh6 Re8 17. Qc3 c5 18. e6 f6 19. Bc4 Bxe6 20. Rad1 Qe7 21. Rfe1
Qf7 22. Rxe6 Rxe6 23. Re1 Rxe1+ 24. Nxe1 Qxc4 25. Qxc4+ Kh8 26. Qf7 Rg8 27.
Qxf6+ Rg7 28. Qxg7# 1-0

[Event "AUTO-MASTER-175"]
[Site "http://www.queenalice.com/game.php?id=81591"]
[Date "2006.7.1"]
[Round "1"]
[White "Viper_SB"]
[Black "bishop120969"]
[Result "0-1"]
[WhiteElo "1679"]
[BlackElo "1375"]

1. d4 Nf6 2. e3 c6 3. Bd3 d5 4. Bd2 g6 5. Nf3 Bg7 6. O-O O-O 7. Ne5 Nbd7 8. c4
Nxe5 9. dxe5 Ng4 10. Nc3 Nxe5 11. Be2 dxc4 12. b3 Be6 13. bxc4 Nxc4 14. Qc2 Nxd2
15. Rfd1 Qa5 16. Rxd2 Bxc3 17. Rad1 Bxd2 18. Rxd2 Rad8 19. Rxd8 Qe1+ 20. Bf1
Rxd8 21. Qe2 Rd1 22. Qxe1 Rxe1 23. h3 Bc4 24. g3 Rxf1+ 25. Kg2 Ra1 0-1

[Event "AUTO-MASTER-178"]
[Site "http://www.queenalice.com/game.php?id=82735"]
[Date "2006.7.5"]
[Round "1"]
[White "lea_dc"]
[Black "bishop120969"]
[Result "1-0"]
[WhiteElo "1579"]
[BlackElo "1395"]

1. e4 e5 2. Nf3 Nc6 3. Bb5 Nf6 4. O-O Nxe4 5. Re1 Nd6 6. Bxc6 dxc6 7. Nxe5 Be7
8. Nc3 Nf5 9. d3 O-O 10. Bd2 Nh4 11. Ne4 1-0

[Event "AUTO-MASTER-178"]
[Site "http://www.queenalice.com/game.php?id=82736"]
[Date "2006.7.5"]
[Round "1"]
[White "bishop120969"]
[Black "lea_dc"]
[Result "0-1"]
[WhiteElo "1384"]
[BlackElo "1588"]

1. e4 e5 2. Nf3 Nc6 3. Bb5 a6 4. Ba4 Nf6 5. d3 b5 6. Bb3 Be7 7. c3 O-O 8. O-O d6
9. h3 Na5 10. Bc2 c5 11. Nbd2 Ne8 0-1

[Event "AUTO-MASTER-178"]
[Site "http://www.queenalice.com/game.php?id=82751"]
[Date "2006.7.5"]
[Round "1"]
[White "bishop120969"]
[Black "tewald"]
[Result "1-0"]
[WhiteElo "1516"]
[BlackElo "1754"]

1. e4 e5 2. Nf3 Nc6 3. Bb5 Nf6 4. O-O Nxe4 5. Re1 Nd6 6. Bf1 Qf6 7. d4 e4 8. d5
Ne7 9. Ng5 Qf5 10. Nc3 g6 11. Ngxe4 Nxe4 12. Nxe4 Bg7 13. d6 O-O 14. dxe7 Re8
15. Bd3 Rxe7 16. Bg5 Rxe4 17. Bxe4 Qxg5 18. Qd3 d6 19. c3 Rb8 20. Re3 c6 21. Rg3
Qe7 22. Re1 Bf5 23. Kf1 Bxe4 24. Rxe4 Qd7 25. Rge3 Bf6 26. Qe2 Kf8 27. Qf3 Kg7
28. g4 g5 29. Qh3 d5 30. Ra4 b5 31. Ra6 c5 32. Qh5 d4 33. Rh3 Kf8 34. Rxf6 Qe7
35. Qxg5 Rb6 36. Rhf3 d3 37. Rxf7+ Qxf7 38. Rxf7+ Kxf7 39. Qd5+ Re6 40. Qxd3 1-0

[Event "AUTO-MASTER-178"]
[Site "http://www.queenalice.com/game.php?id=82752"]
[Date "2006.7.5"]
[Round "1"]
[White "tewald"]
[Black "bishop120969"]
[Result "1-0"]
[WhiteElo "1732"]
[BlackElo "1498"]

1. e4 e5 2. Nf3 Nc6 3. d3 Bc5 4. g3 Nf6 5. Bg2 O-O 6. O-O d5 7. Nbd2 Bg4 8. h3
Bd7 9. c3 a5 10. b3 Qc8 11. Bb2 Bxh3 12. Ng5 Bxg2 13. Kxg2 Qd7 14. exd5 Qxd5+
15. Qf3 Qd7 16. Nge4 Be7 17. Rad1 Rad8 18. Nxf6+ Bxf6 19. Ne4 Be7 20. d4 exd4
21. cxd4 f5 22. Nc5 Qc8 23. Rfe1 Bf6 24. Ne6 Rde8 25. Nxf8 Rxe1 26. Rxe1 Qxf8
27. Re2 Qd6 28. Qd3 g6 29. Qc4+ Kg7 30. d5 Ne5 31. Bxe5 Bxe5 32. f4 Bf6 33. Re6
Qd7 34. a4 h5 35. Qc5 b6 36. Qc6 Qd8 37. d6 cxd6 38. Rxd6 Qf8 39. Qxb6 Qe7 40.
Re6 Qf7 41. Rc6 g5 42. fxg5 1-0

[Event "AUTO-MASTER-178"]
[Site "http://www.queenalice.com/game.php?id=82753"]
[Date "2006.7.5"]
[Round "1"]
[White "bishop120969"]
[Black "li2carpio"]
[Result "0-1"]
[WhiteElo "1534"]
[BlackElo "1516"]

1. e4 c5 2. Nf3 Nc6 3. c3 e5 4. Bc4 h6 5. O-O Nf6 6. Re1 d6 7. d4 cxd4 8. cxd4
exd4 9. Nxd4 Be7 10. Nc3 O-O 11. Be3 Nxd4 12. Bxd4 Be6 13. Qb3 Bxc4 14. Qxc4 Rc8
15. Qd3 a6 16. Qg3 Kh7 17. Rad1 Rc5 18. Bxc5 Ne8 19. Bd4 Bf6 20. e5 dxe5 21.
Bxe5 Qa5 22. Nd5 Bxe5 23. Rxe5 Qxa2 24. b3 Qc2 25. Rde1 Nd6 26. Ne7 Qd2 27. R5e2
Qb4 28. Re5 Re8 29. Nd5 Rxe5 30. Rxe5 Qd4 31. h3 Ne4 32. Ne7 Nxf2 33. Nf5 Ne4+
0-1

[Event "AUTO-MASTER-178"]
[Site "http://www.queenalice.com/game.php?id=82754"]
[Date "2006.7.5"]
[Round "1"]
[White "li2carpio"]
[Black "bishop120969"]
[Result "1-0"]
[WhiteElo "1533"]
[BlackElo "1517"]

1. e4 e5 2. Bc4 Nf6 3. d3 Bc5 4. h3 O-O 5. Nf3 Nc6 6. Nc3 Na5 7. Bb3 Nxb3 8.
axb3 d5 9. exd5 Nxd5 10. O-O Nf4 11. Bxf4 exf4 12. Ne4 Bb6 13. d4 Bf5 14. Re1
Re8 15. Nc5 Qd6 16. c3 g5 17. Nxg5 Qg6 18. Rxe8+ Rxe8 19. h4 h6 20. Nge4 Bxe4
21. Nxe4 Rxe4 22. Qf3 c5 23. d5 c4 24. bxc4 Rxc4 25. Rd1 Bc7 26. Qe2 Re4 27. Qf3
Re8 28. c4 b6 29. b4 Qf6 30. h5 Kh8 31. c5 bxc5 32. bxc5 Rd8 33. d6 1-0

[Event "AUTO-MASTER-181"]
[Site "http://www.queenalice.com/game.php?id=83703"]
[Date "2006.7.7"]
[Round "1"]
[White "mfrezman"]
[Black "bishop120969"]
[Result "1-0"]
[WhiteElo "1672"]
[BlackElo "1402"]

1. Nf3 Nf6 2. d4 e6 3. Bg5 c6 4. c3 Be7 5. Nbd2 d5 6. Bxf6 Bxf6 7. e4 O-O 8. e5
Be7 9. Bd3 Nd7 10. b4 f5 11. c4 Bxb4 12. O-O 1-0

[Event "AUTO-MASTER-181"]
[Site "http://www.queenalice.com/game.php?id=83704"]
[Date "2006.7.7"]
[Round "1"]
[White "bishop120969"]
[Black "mfrezman"]
[Result "0-1"]
[WhiteElo "1410"]
[BlackElo "1666"]

1. e4 d5 2. exd5 Qxd5 3. Nf3 Bg4 4. Be2 e5 5. c4 Qc5 6. Nc3 Nc6 7. O-O Nf6 8.
Re1 e4 9. Nxe4 Nxe4 10. d4 Qh5 11. Nd2 Nxf2 0-1

[Event "AUTO-MASTER-181"]
[Site "http://www.queenalice.com/game.php?id=83717"]
[Date "2006.7.7"]
[Round "1"]
[White "serginh0w"]
[Black "bishop120969"]
[Result "0-1"]
[WhiteElo "1737"]
[BlackElo "1479"]

1. c4 Nf6 2. Nc3 e5 3. Nf3 e4 4. Ng5 d5 5. cxd5 Nxd5 6. Ngxe4 Be7 7. e3 O-O 8.
d4 Bb4 9. Bd3 Bf5 10. O-O Nc6 11. Bd2 Re8 12. Qh5 g6 13. Qh6 Bf8 14. Qf4 Nxf4
15. exf4 Qxd4 0-1

[Event "AUTO-MASTER-181"]
[Site "http://www.queenalice.com/game.php?id=83718"]
[Date "2006.7.7"]
[Round "1"]
[White "bishop120969"]
[Black "serginh0w"]
[Result "0-1"]
[WhiteElo "1538"]
[BlackElo "1836"]

1. e4 c5 2. c3 e6 3. Nf3 Nc6 4. d4 cxd4 5. cxd4 Bb4+ 6. Nc3 Nge7 7. Bc4 d5 8.
exd5 Nxd5 9. O-O Nxc3 10. bxc3 Bxc3 11. Rb1 O-O 12. Ng5 Qxd4 13. Qh5 h6 14. Ba3
hxg5 15. Bb5 Qf4 16. Bxf8 Kxf8 17. Rbd1 Ke7 18. g3 Qf5 19. Rd3 Qxb5 20. Rxc3 b6
21. f4 Bb7 22. fxg5 Nd8 23. Rc7+ Kd6 24. Rfc1 Qd5 25. Rxb7 Nxb7 0-1

[Event "AUTO-MASTER-181"]
[Site "http://www.queenalice.com/game.php?id=83725"]
[Date "2006.7.7"]
[Round "1"]
[White "Mayaune"]
[Black "bishop120969"]
[Result "1-0"]
[WhiteElo "1635"]
[BlackElo "1433"]

1. e4 e5 2. Nf3 Nc6 3. Bc4 Nf6 4. O-O Bc5 5. d3 O-O 6. Bg5 h6 7. Bh4 d6 8. c3
Na5 9. Bb3 Nxb3 10. axb3 Qe8 11. Bxf6 gxf6 12. Nh4 Kh7 13. Kh1 Rg8 14. f4 1-0

[Event "AUTO-MASTER-181"]
[Site "http://www.queenalice.com/game.php?id=83726"]
[Date "2006.7.7"]
[Round "1"]
[White "bishop120969"]
[Black "Mayaune"]
[Result "0-1"]
[WhiteElo "1420"]
[BlackElo "1643"]

1. e4 e5 2. Nf3 Nc6 3. Bb5 Nge7 4. O-O a6 5. Ba4 d6 6. h3 b5 7. Bb3 Bb7 8. c4
Na5 9. cxb5 Bxe4 10. Nc3 Bb7 11. Bxf7+ Kxf7 12. Ng5+ Kg8 13. b4 Nc4 14. Qg4 axb5
0-1

[Event "AUTO-MASTER-182"]
[Site "http://www.queenalice.com/game.php?id=84146"]
[Date "2006.7.9"]
[Round "1"]
[White "Sherlock6834"]
[Black "bishop120969"]
[Result "1-0"]
[WhiteElo "1865"]
[BlackElo "1502"]

1. e4 e5 2. Nf3 Nc6 3. Bc4 Bc5 4. O-O Nf6 5. Nc3 O-O 6. d3 d6 7. Bg5 Be6 8. Nd5
h6 9. Nxf6+ gxf6 10. Bxh6 Na5 11. Bxe6 fxe6 12. Bxf8 Qxf8 13. Qd2 Nc6 14. c3 d5
15. b4 Bb6 16. a4 a5 17. b5 Ne7 18. c4 Kf7 19. Rac1 Qg7 20. c5 Ba7 21. Qxa5 Rg8
22. g3 Bb8 23. Qa8 c6 24. Qxb7 1-0

[Event "AUTO-MASTER-182"]
[Site "http://www.queenalice.com/game.php?id=84147"]
[Date "2006.7.9"]
[Round "1"]
[White "bishop120969"]
[Black "Sherlock6834"]
[Result "0-1"]
[WhiteElo "1500"]
[BlackElo "1867"]

1. e4 c5 2. Nf3 d6 3. c3 Nc6 4. Bb5 a6 5. Bxc6+ bxc6 6. O-O Nf6 7. Re1 e6 8. e5
Nd5 9. d4 Be7 10. c4 Nb6 11. Bf4 O-O 12. Nbd2 d5 13. cxd5 Nxd5 14. Bg3 cxd4 15.
Nb3 c5 16. Rc1 Qb6 17. Qc2 Bb7 18. Nbd2 Rac8 19. Nc4 Qc7 20. Ncd2 Nb4 21. Qb1
Bd5 22. a3 Nc6 23. b4 Rb8 24. Bh4 Bxh4 0-1

[Event "AUTO-MASTER-182"]
[Site "http://www.queenalice.com/game.php?id=84162"]
[Date "2006.7.9"]
[Round "1"]
[White "Alexsandro"]
[Black "bishop120969"]
[Result "1-0"]
[WhiteElo "2025"]
[BlackElo "1520"]

1. d4 Nf6 2. c4 g6 3. Nc3 Bg7 4. e4 d6 5. Nf3 O-O 6. Be2 Nc6 7. O-O e5 8. d5 Ne7
9. Nd2 Ne8 10. b4 f5 11. c5 fxe4 12. Ndxe4 Nf5 13. Bg5 Qd7 14. Bb5 Qf7 15. Qd3
Nd4 16. Bxe8 Qxe8 17. cxd6 cxd6 18. Nxd6 Qd7 19. Nce4 b6 20. Rac1 a5 21. b5 Qg4
22. f3 Qh5 23. Rxc8 Raxc8 24. Nxc8 Rxc8 25. h4 Nxf3+ 26. gxf3 h6 27. Ng3 hxg5
28. Nxh5 gxh5 29. Qg6 1-0

[Event "AUTO-MASTER-182"]
[Site "http://www.queenalice.com/game.php?id=84163"]
[Date "2006.7.9"]
[Round "1"]
[White "bishop120969"]
[Black "Alexsandro"]
[Result "0-1"]
[WhiteElo "1522"]
[BlackElo "2023"]

1. e4 e5 2. Nf3 Nc6 3. Bb5 a6 4. Ba4 Nf6 5. d3 d6 6. h3 Be7 7. c3 O-O 8. O-O Nb8
9. Bc2 Re8 10. Nbd2 Nbd7 11. d4 c6 12. Re1 Qc7 13. Nf1 Nb6 14. Ng3 a5 15. Bb3 a4
16. dxe5 axb3 17. exf6 Rxa2 18. Rxa2 bxa2 19. Bf4 Bxf6 20. Qa1 Be6 21. e5 dxe5
22. Bxe5 Bxe5 23. Rxe5 Ra8 24. Ne2 Nc4 25. Rh5 Nxb2 26. Ng5 Qb6 27. Nd4 Nd3 28.
Rxh7 Qb1+ 0-1

[Event "AUTO-MASTER-182"]
[Site "http://www.queenalice.com/game.php?id=84174"]
[Date "2006.7.9"]
[Round "1"]
[White "bishop120969"]
[Black "Chessman2004"]
[Result "0-1"]
[WhiteElo "1540"]
[BlackElo "2188"]

1. e4 c6 2. d4 d5 3. e5 Bf5 4. Nf3 e6 5. Be2 Ne7 6. Nh4 Be4 7. f3 Bg6 8. Nxg6
hxg6 9. Bg5 Qb6 10. b3 Nf5 11. c3 Ng3 12. Rg1 Nxe2 13. Qxe2 Rxh2 14. Nd2 c5 15.
Be3 cxd4 16. cxd4 Nc6 17. O-O-O a5 18. Kb2 a4 0-1

[Event "AUTO-MASTER-182"]
[Site "http://www.queenalice.com/game.php?id=84175"]
[Date "2006.7.9"]
[Round "1"]
[White "Chessman2004"]
[Black "bishop120969"]
[Result "1-0"]
[WhiteElo "2187"]
[BlackElo "1542"]

1. e4 e5 2. Nf3 Nc6 3. Bc4 Bc5 4. O-O Nf6 5. d3 O-O 6. Nc3 d6 7. Na4 Bb6 8. Bg5
Bg4 9. c3 Na5 10. Nxb6 axb6 11. Bb5 c6 12. Ba4 b5 13. Bc2 c5 14. h3 Bh5 15. g4
Bg6 16. Nd2 Nc6 17. f4 c4 18. f5 1-0